Ρούυ Μπλάς
Αποθηκεύτηκε σε:
| Κύριος συγγραφέας: | |
|---|---|
| Άλλοι συγγραφείς: | , |
| Μορφή: | Βιβλίο |
| Γλώσσα: | Greek French |
| Δημοσίευση: |
Αθήναι :
Παπαδημητρίου,
[1951]
|
| Σειρά: | 100 Αθάνατα Έργα ;
; 12 |
| Θέματα: | |
| Ετικέτες: |
Προσθήκη ετικέτας
Δεν υπάρχουν, Καταχωρήστε ετικέτα πρώτοι!
|
MARC
| LEADER | 00000cam a2200000 i 4500 | ||
|---|---|---|---|
| 001 | 1/95919 | ||
| 008 | 081022s1951 gre d | ||
| 035 | |l 10101094 | ||
| 040 | |a GR-MY-UA |b gre |e aacr | ||
| 041 | 1 | |a gre |h fre | |
| 082 | 0 | |a 843.709 |2 (22) | |
| 100 | 1 | |a Hugo, Victor, |d 1802-1885. | |
| 245 | 1 | 0 | |a Ρούυ Μπλάς / |c Βίκτορ Ουγκό ; μετάφραση Θρασύβουλου Σταύρου ; ξυλογραφίες Γιω. Βαρλάμου |
| 260 | |a Αθήναι : |b Παπαδημητρίου, |c [1951] | ||
| 300 | |a 190 σ.; |c 21 εκ. | ||
| 490 | 1 | |a 100 αθάνατα έργα |v ; 12 | |
| 650 | 0 | 0 | |a French fiction |y 19th century. |
| 650 | 0 | 0 | |a French literature |y 19th century. |
| 700 | 1 | |a Σταύρου, Θρασύβουλος, |d 1886-1979. |4 trl | |
| 700 | 1 | |a Βαρλάμος, Γιώργης. |4 wde | |
| 830 | 0 | |a 100 Αθάνατα Έργα ; |v ; 12 | |
| 852 | |a INST |b RHODES |c AKA |e 20081022 |h 848.709 HUG |p 005400030960 |q 005400030960 |t BK |y 0 | ||
| 901 | |a BIBL4-2008-3 | ||
| 909 | |a Ρ |b 153445 | ||
| 970 | |a ΧΑΡΙΟΠΟΛΙΤΟΥ |b ΚΩΝΣΤΑΝΤΙΝΑ |z 2008/10/22 | ||